Desarrollar la práctica reflexiva en el oficio de enseñar. Profesionalización y razón pedagógica

Saved in:
Bibliographic Details
Main Author: Perrenoud, Philippe (Author)
Format: Book
Language:Spanish
Published: Barcelona, España Grao 2006
Edition:2a. ed
Series:Crítica y Fundamentos,
Subjects:
Online Access:DIsponible Online
Tags: Add Tag
No Tags, Be the first to tag this record!

MARC

LEADER 00000nam a2200000 a 4500
001 UCI3608
003 CL-VaPUC
005 20210330001523.0
008 071116e20060000SP |||||||||||||||||spa|d
999 |c 327747  |d 327745 
020 |a 8478273239 
040 |c Pontificia Universidad Católica de Valparaíso 
082 0 4 |a 371.102 PER 2006  |2 21 
100 0 |a Perrenoud, Philippe  |e author  |9 222222 
245 1 0 |a Desarrollar la práctica reflexiva en el oficio de enseñar.  |b Profesionalización y razón pedagógica 
250 |a 2a. ed 
260 |a Barcelona, España   |b Grao  |c 2006 
300 |a 224 páginas  
440 |a Crítica y Fundamentos,  |n  1   |9 860279 
583 |a last modification  |c 20071116 00:00:00  |k Rodrigo Vera 
650 0 |a Formación profesional de profesores  |9 307493 
650 0 |a Práctica profesional  |9 358078 
650 0 |a Filosofía de la educación   |9 258384 
650 0 |a Innovaciones pedagógicas  |9 307471 
856 |u http://bibliografiadigital.pucv.cl.pucv.idm.oclc.org/index.php/bibliotecapucv/catalog/book/268  |y DIsponible Online  
942 |c BK  |2 ddc 
945 |d 20071116 00:00:00  |a jtorresc 
952 |0 0  |1 0  |4 0  |6 371_102000000000000_PER_2006  |7 0  |8 A  |9 411144  |a BIBEDU  |b BIBEDU  |d 2019-11-22  |i 4372549  |l 1  |o 371.102 PER 2006  |p 4372549  |r 2024-03-08  |s 2024-03-08  |w 2019-11-22  |y BK  |k EBA